Reliez la photo a sa décennie - 20ème siècle - Statistiques

Statistiques générales
  • Ce quiz a été pris 64 fois
  • Le résultat moyen est 8 sur 10
Statistiques - réponses
Hint Réponse % Correct
Années 1940
- Majeure partie de la seconde guerre mondiale
- l'ENIAC devient le premier ordinateur entièrement électronique
- Mise en place du Plan Marshall
- Procès de Nuremberg
- Création de l'Etat d'Israël
91%
Années 1910
- La voiture Ford T
- Naufrage du Titanic
- Première guerre mondiale
- Révolution russe
- Début de la grippe espagnole
88%
Années 1920
- Guerre d'indépendance irlandaise
- Début de la prohibition aux Etats-Unis
- Première traversée aérienne de l'Océan Atlantique en solitaire et sans escale
- Grand krach de Wall Street
- Marche sur Rome par Benito Mussolini
- Début de la guerre civile chinoise
- Droit de vote aux femmes dès 21 ans au Royaume-Uni
- Photo de Babe Ruth, légende du baseball américain
82%
Années 1980
- Premier lancement de la navette spatiale Columbia
- Gorbatchev et Reagan signant le Traité sur les forces nucléaires à portée intermédiaire
- Chute du Mur de Berlin
- Sortie de l'IBM PC, ancêtre de tous les ordinateurs modernes
- Concert de Live Aid dans le but de lever des fonds pour la famine en Ethiopie
- Catastrophe nucléaire de Tchernobyl
- Utilisation d'armes chimique durant la guerre Iran-Irak
80%
Années 1970
- Départ de Richard Nixon de la Maison Blanche suite au scandale du Watergate
- Retrait des troupes américaines du Vietnam
- Premier choc pétrolier
- Accords de Camp David entre l'Egypte et Israël
- Génocide au Bangladesh
- Cyclone de Bhola, le cyclone le plus meurtrier de l'histoire avec au moins 500 000 morts
- Révolution iranienne renversant l'Etat impérial d'Iran pour la République islamique d'Iran
- Décennie du disco
80%
Années 1930
- "Mère migrante", photo symbolisant la Grande Dépression aux Etats-Unis
- Début de la seconde guerre sino-japonaise
- Première traversée aérienne de l'Océan Atlantique en solitaire et sans escale par une femme
- Adolf Hitler devient chancelier allemand
- Destruction du dernier dirigeable commercial
- Marche du sel de Gandhi
80%
Années 1960
- Engagement total des Etats-Unis dans la guerre du Vietnam
- Les Beatles a New-York
- Festival de Woodstock
- Premier homme sur la Lune
- Emeutes de Stonewall, considéré comme la première lutte des personnes LGBTQ+
- Grande période de famine en Chine administré par Mao Zedong
- Assassinat de John Fitzgerald Kennedy
- Discours de Martin Luther King "I have a dream"
80%
Années 1990
- Lancement du télescope Hubble
- Opération Bouclier du désert durant la guerre du Golfe
- Accords d'Oslo entre Israël et Palestine
- Essor d'Internet
- Putsch de Moscou
- Clonage de la brebis Dolly
- Mort de Diana Spencer dite Lady Di
- Génocide des Tutsi du Rwanda
79%
Années 1950
- Guerre de Corée
- Premier vaccin contre la Poliomyélite
- Elvis Presley dans le film "Le Rock du bagne" chante "Jailhouse Rock"
- Lancement de Spoutnik 1
- Révolution hongroise
- Crise du canal de Suez
- Tests nucléaire américains sur l'Atoll de Bikini
- Révolution cubaine
73%
Années 1900
- Premier vol d'un avion par les frères Wright
- Atrocités commises au Congo belge
- Séisme à Messine en Italie
- Fin de la guerre américano-philippine
- Construction du canal de Panama
- Guerre russo-japonaise
63%
Aucun quiz correspondant
Distribution des résultats
% des personnes avec chaque résultat
Percentile par nombre de réponses
Votre historique - résultats
Vous n’avez pas pris ce quiz